| 000 | 01308nam0a22003611 4500 | ||
|---|---|---|---|
| 001 | v19\rc\1709038 | ||
| 005 | 20260406091424.0 | ||
| 035 | _a(NLR Aleph) 004809267 | ||
| 090 |
_a4911103 _c4911103 |
||
| 100 | _a20061002d1899 |||y0rusy50 ca | ||
| 101 | 0 | _arus | |
| 102 | _aRU | ||
| 105 | _aa z ||||| | ||
| 200 | 1 |
_aК учению о центральных тельцах _f(Из Гистол. лаб. Имп. Харьк. ун-та) |
|
| 210 |
_aХарьков _cПар. тип. и лит. Зильберберг _d1899 |
||
| 215 |
_a[4], 146, [1] с., 2 л. ил. _d28 |
||
| 300 | _aПеред загл. авт. - д-р мед. Г.А. Маслов | ||
| 320 | _aБиблиогр.: "Литература" (с. 137-146) | ||
| 532 | 1 | 3 | _aК учению о центральных тельцах |
| 700 | 1 |
_7ca _8rus _aМаслов _bГ. А. _cд-р медицины _f1862-1925 _gГригорий Алексеевич _3RU\NLR\AUTH\770281984 _92669456 |
|
| 801 | 0 |
_aRU _bNLR _gpsbo |
|
| 801 | 0 |
_aRU _bRuMoRGB _2psbo |
|
| 801 | 1 |
_aRU _bProSoft-M _2rusmarc |
|
| 852 |
_aNLR _j20.100.3.199 |
||
| 852 |
_aNLR _j52/1097 |
||
| 899 | _aБАН | ||
| 899 | _aНБ СПбГУ | ||
| 899 | _aНБ МГУ | ||
| 899 |
_aRuMoRGB _jL 3/327 |
||
| 899 |
_aRuMoRGB _jU 452/44 |
||
| 942 | _cBOOK | ||
| 980 | _aNB | ||